[Event "Vaujany A"]
[Site "Vaujany"]
[Date "2024.07.14"]
[Round "4"]
[White "Nitish, Kumar"]
[Black "Dudognon, Thibault"]
[Result "0-1"]
[WhiteElo "1954"]
[BlackElo "2428"]
[PlyCount "102"]
[EventDate "2024.07.11"]
[EventType "swiss"]
[EventRounds "9"]
[EventCountry "FRA"]
[SourceVersionDate "2024.07.11"]

1. e4 c5 2. Nf3 d6 3. d4 cxd4 4. Nxd4 Nf6 5. Nc3 a6 6. Bg5 e6 7. Qf3 h6 8. Bd2
Qc7 9. a4 Nc6 10. Nb3 b6 11. Be2 Nb4 12. O-O Bb7 13. Qg3 h5 14. a5 h4 15. Qh3
d5 16. axb6 Qxb6 17. Na4 Qc7 18. exd5 Bxd5 19. c4 Be4 20. c5 Nbd5 21. Na5 Bf5
22. Qa3 Ne4 23. Nc4 Nxc5 24. Ba5 Qc6 25. Nxc5 Bxc5 26. b4 Be7 27. Ne5 Qd6 28.
Nc4 Qf4 29. Qa4+ Kf8 30. Qc6 Re8 31. Ra3 Be4 32. Qxa6 Rh6 33. Ne3 Rg6 34. Ng4
Nf6 35. h3 Nxg4 36. hxg4 f5 37. Qc4 Bd6 38. Rh3 Qg5 39. Qd4 Bd5 40. f4 Qf6 41.
Qb6 Bb8 42. Qc5+ Kf7 43. g5 Qb2 44. Rf2 Qb1+ 45. Kh2 Rxg5 46. Bc7 Rc8 47. Qd6
Rxc7 48. Rxh4 Qe1 49. fxg5 Rc8 50. Rxf5+ exf5 51. g6+ Kg8 0-1

[Event "Vaujany A"]
[Site "Vaujany"]
[Date "2024.07.15"]
[Round "5.1"]
[White "Dudognon, Thibault"]
[Black "Degraeve, Jean Marc"]
[Result "1/2-1/2"]
[WhiteElo "2428"]
[BlackElo "2480"]
[PlyCount "36"]
[EventDate "2024.07.11"]
[EventType "swiss"]
[EventRounds "9"]
[EventCountry "FRA"]
[SourceVersionDate "2024.07.11"]

1. e4 e5 2. Nf3 Nc6 3. Nc3 Nf6 4. h3 Bb4 5. Nd5 Nxd5 6. exd5 e4 7. dxc6 exf3 8.
Qxf3 dxc6 9. Bc4 Qe7+ 10. Kd1 O-O 11. Re1 Be6 12. Bxe6 fxe6 13. Qe2 Rae8 14. f3
Rf5 15. Qf2 Bc5 16. Qe2 Bb4 17. Qf2 Bc5 18. Qe2 Bb4 1/2-1/2

[Event "Vaujany A"]
[Site "Vaujany"]
[Date "2024.07.14"]
[Round "4"]
[White "Marchix, Esteban"]
[Black "Anwesh, Upadhyaya"]
[Result "0-1"]
[WhiteElo "2132"]
[BlackElo "2363"]
[PlyCount "126"]
[EventDate "2024.07.11"]
[EventType "swiss"]
[EventRounds "9"]
[EventCountry "FRA"]
[SourceVersionDate "2024.07.11"]

{[%evp 0,88,17,13,40,36,11,21,11,-6,56,8,14,10,2,1,15,-13,-9,-13,-13,-14,-4,0,
30,-4,16,16,23,12,23,12,7,21,18,8,20,4,126,30,30,10,36,4,42,1,-16,-2,29,20,5,7,
10,-1,-16,-11,11,11,11,-38,-13,-56,-31,-61,-55,-73,-68,-63,-61,-56,-38,-34,-29,
-52,-19,25,20,34,34,-18,27,50,53,36,44,44,49,18,18,18,90]} 1. e4 e5 2. Nf3 Nc6
3. Bb5 a6 4. Ba4 d6 5. O-O Nf6 6. Re1 b5 7. Bb3 Be7 8. c3 O-O 9. h3 Bb7 10. d4
Na5 11. Bc2 Nc4 12. b3 Nb6 13. Nbd2 Nfd7 14. Nf1 c5 15. Ng3 g6 16. d5 Bf6 17.
Bh6 Re8 18. Qe2 a5 19. c4 b4 20. Qd2 Bg7 21. Nh2 Nf6 22. f3 Bxh6 23. Qxh6 Kh8
24. Ng4 Ng8 25. Qd2 Qh4 26. Kh2 h5 27. Nh6 Qf6 28. Nxg8 Kxg8 29. Ne2 a4 30.
Reb1 h4 31. Qe3 Ra7 32. Nc1 Rea8 33. Nd3 axb3 34. Bxb3 Nd7 35. Rf1 g5 36. Rg1
Qh6 37. g3 hxg3+ 38. Rxg3 f6 39. h4 Nf8 40. Kg2 Nh7 41. hxg5 fxg5 42. Rh1 Qf8
43. f4 exf4 44. Nxf4 Bc8 45. e5 dxe5 46. Nd3 Rxa2+ 47. Bxa2 Rxa2+ 48. Nf2 g4
49. Rf1 Qd6 50. Kg1 Ra3 51. Nd3 e4 52. Qf2 Ng5 53. Nf4 Rf3 54. Rxf3 Nxf3+ 55.
Kg2 Qxf4 56. Rh1 e3 57. Qa2 Nd4 58. Rf1 Qe4+ 59. Kg3 e2 60. Re1 Nf5+ 61. Kh2
Qf4+ 62. Kh1 Qf1+ 63. Rxf1 exf1=Q+ 0-1

[Event "Vaujany A"]
[Site "Vaujany"]
[Date "2024.07.15"]
[Round "5"]
[White "Anwesh, U."]
[Black "Genkeswaran, Genivan"]
[Result "1-0"]
[WhiteElo "2363"]
[BlackElo "1994"]
[PlyCount "69"]
[EventDate "2024.07.11"]
[EventType "swiss"]
[EventRounds "9"]
[EventCountry "FRA"]
[SourceVersionDate "2024.07.11"]

{[%evp 0,60,21,28,29,-4,30,39,40,40,44,22,21,-17,-3,9,33,9,12,-31,18,-76,29,
-55,-33,-27,69,112,164,101,103,175,175,175,175,178,174,174,167,191,209,267,311,
302,302,311,299,292,373,263,391,358,356,359,502,624,621,610,738,738,931,1010,
1189]} 1. Nf3 d5 2. c4 c6 3. e3 Nf6 4. Nc3 e6 5. Qc2 Nbd7 6. b3 Bd6 7. Bb2 h6
8. Be2 O-O 9. Rg1 e5 10. g4 Re8 11. h4 e4 12. Nd4 Be5 13. g5 c5 14. gxf6 cxd4
15. Rxg7+ Kh8 16. exd4 Qxf6 17. Rg2 Bxd4 18. Nxd5 Qe5 19. O-O-O Nf6 20. Nc7 Bf5
21. Bxd4 Qxd4 22. Nxa8 Rxa8 23. Qc3 Qd6 24. d4 exd3 25. Bxd3 Rd8 26. Kb2 Qe7
27. Re1 Be6 28. f4 b5 29. cxb5 a6 30. f5 axb5 31. fxe6 b4 32. Qd2 Ng4 33. Rxg4
Qf6+ 34. Kb1 h5 35. e7 1-0

[Event "Vaujany A"]
[Site "Vaujany"]
[Date "2024.07.15"]
[Round "5.3"]
[White "Loeffler, Markus"]
[Black "Womacka, Mathias"]
[Result "1-0"]
[WhiteElo "2246"]
[BlackElo "2359"]
[PlyCount "113"]
[EventDate "2024.07.11"]
[EventType "swiss"]
[EventRounds "9"]
[EventCountry "FRA"]
[SourceVersionDate "2024.07.11"]

1. e4 c5 2. Nf3 d6 3. d4 cxd4 4. Nxd4 Nf6 5. Nc3 a6 6. Bd3 Nc6 7. Nxc6 bxc6 8.
b3 e5 9. Qe2 Be7 10. O-O O-O 11. h3 Nd7 12. Na4 d5 13. exd5 cxd5 14. c4 e4 15.
Bc2 Bf6 16. Rb1 Nb6 17. cxd5 Re8 18. Nxb6 Qxb6 19. Be3 Qa5 20. Rfd1 Qxa2 21.
Bd4 Bxd4 22. Rxd4 Bd7 23. Rxe4 g6 24. Qd1 Rxe4 25. Bxe4 Re8 26. Bd3 Bb5 27.
Bxb5 axb5 28. Rc1 Qe2 29. Qxe2 Rxe2 30. Rc8+ Kg7 31. Rb8 h5 32. g3 Rb2 33. Rxb5
Kf6 34. Kg2 Ke5 35. Kf3 Rc2 36. h4 Rc3+ 37. Ke2 Rc2+ 38. Kf3 Rc3+ 39. Kg2 Rd3
40. b4 Rb3 41. Rb7 f6 42. Rb6 g5 43. d6 gxh4 44. d7 Rd3 45. Rb5+ Ke6 46. gxh4
Rxd7 47. Rxh5 Rd4 48. b5 f5 49. b6 Rb4 50. Rh6+ Ke5 51. Kg3 Rb3+ 52. f3 Rb1 53.
f4+ Kd5 54. h5 Rb3+ 55. Kf2 Ke4 56. Re6+ Kxf4 57. h6 1-0

[Event "Vaujany A"]
[Site "Vaujany"]
[Date "2024.07.16"]
[Round "6"]
[White "Mendoza, M."]
[Black "Dudognon, T."]
[Result "0-1"]
[WhiteElo "2199"]
[BlackElo "2428"]
[PlyCount "52"]
[EventDate "2024.07.11"]
[EventType "swiss"]
[EventRounds "9"]
[EventCountry "FRA"]
[SourceVersionDate "2024.07.11"]

1. e4 c5 2. Nf3 d6 3. d4 cxd4 4. Nxd4 Nf6 5. Nc3 a6 6. Be3 e5 7. Nf3 Qc7 8. Be2
Be7 9. O-O b5 10. Nd5 Nxd5 11. exd5 O-O 12. a4 bxa4 13. Rxa4 f5 14. Rc4 Qd8 15.
Nxe5 dxe5 16. Rxc8 Qxc8 17. d6 Bxd6 18. Qd5+ Kh8 19. Qxa8 Qxc2 20. Bxa6 f4 21.
Qd5 Qc7 22. Rc1 Qe7 23. Bd2 Nxa6 24. Rc6 Nb4 25. Qxd6 Nxc6 26. Qxc6 Rd8 0-1

[Event "Vaujany A"]
[Site "Vaujany"]
[Date "2024.07.16"]
[Round "6"]
[White "Kumar, Prajit Sai"]
[Black "Anwesh, U."]
[Result "0-1"]
[WhiteElo "2142"]
[BlackElo "2363"]
[PlyCount "132"]
[EventDate "2024.07.11"]
[EventType "swiss"]
[EventRounds "9"]
[EventCountry "FRA"]
[SourceVersionDate "2024.07.11"]

{[%evp 0,71,16,28,25,20,5,18,18,-4,1,-1,-2,-2,15,-39,-26,-35,32,-2,36,24,30,52,
31,29,29,20,18,1,8,-12,-12,-34,9,7,38,-28,-9,-52,-5,-21,15,7,0,0,-12,-34,-19,
-19,-33,-32,0,0,-2,7,2,0,7,-1,-1,-8,0,-5,-4,-68,-68,-67,-68,-61,-65,-74,-66,
-65]} 1. e4 e5 2. Nf3 Nc6 3. Bc4 Bc5 4. c3 Nf6 5. d3 O-O 6. O-O d6 7. Re1 h6 8.
h3 Re8 9. Nbd2 a6 10. a4 Ba7 11. b4 Be6 12. Bxe6 Rxe6 13. Bb2 Ne7 14. Nf1 Ng6
15. Ng3 d5 16. Qc2 Qd7 17. Rad1 Rd8 18. d4 exd4 19. Nxd4 Ree8 20. a5 Nxe4 21.
Nxe4 Rxe4 22. Rxe4 dxe4 23. Qxe4 c5 24. bxc5 Bxc5 25. Re1 Bxd4 26. cxd4 Qd5 27.
Qxd5 Rxd5 28. Re8+ Kh7 29. Bc3 Rd7 30. g3 Ne7 31. Kf1 Nc6 32. Ke2 Nxd4+ 33.
Bxd4 Rxd4 34. Re7 f6 35. Rxb7 Rd5 36. Ra7 Rxa5 37. g4 h5 38. gxh5 Re5+ 39. Kf3
a5 40. Kg4 Rg5+ 41. Kh4 Kh6 42. Ra8 Rxh5+ 43. Kg4 Rg5+ 44. Kf3 Rb5 45. Ra7 g5
46. Kg3 Kg6 47. h4 gxh4+ 48. Kxh4 Kf5 49. Ra6 Ke5 50. f3 f5 51. Kg5 Kd4 52. Rc6
Rc5 53. Rh6 Kc3 54. f4 a4 55. Rh3+ Kb4 56. Rh1 a3 57. Rb1+ Ka4 58. Ra1 Ra5 59.
Rb1 a2 60. Re1 Kb3 61. Re3+ Kc4 62. Re1 a1=Q 63. Rxa1 Rxa1 64. Kxf5 Kd5 65. Kg6
Ke4 66. f5 Ra6+ 0-1

[Event "Vaujany A"]
[Site "Vaujany"]
[Date "2024.07.11"]
[Round "1"]
[White "Surmont, Yves"]
[Black "Hamdouchi, A.."]
[Result "0-1"]
[WhiteElo "1884"]
[BlackElo "2165"]
[PlyCount "74"]
[EventDate "2024.07.11"]
[EventType "swiss"]
[EventRounds "9"]
[EventCountry "FRA"]
[SourceVersionDate "2024.07.11"]

1. e4 g6 2. d4 Bg7 3. Nc3 d6 4. Be3 a6 5. a4 Nf6 6. f3 Nbd7 7. Bc4 e5 8. Nge2
O-O 9. O-O exd4 10. Nxd4 Ne5 11. Be2 Re8 12. Qd2 Nc6 13. Rad1 Bd7 14. Nxc6 Bxc6
15. Bc4 Qe7 16. Bg5 Qe5 17. Kh1 b5 18. axb5 axb5 19. Bxf6 Bxf6 20. Bd5 Ra6 21.
f4 Qe7 22. f5 g5 23. Bxc6 Rxc6 24. Nd5 Qe5 25. c3 Kg7 26. Rde1 Rc4 27. b3 Rxe4
28. Rxe4 Qxe4 29. Nxc7 Re5 30. c4 bxc4 31. bxc4 Qxc4 32. Rc1 Qe4 33. Rf1 d5 34.
h3 d4 35. Rd1 Qxf5 36. Re1 Rxe1+ 37. Qxe1 Qe5 0-1

[Event "Vaujany A"]
[Site "Vaujany"]
[Date "2024.07.12"]
[Round "2"]
[White "Hamdouchi, A.."]
[Black "Barberis, V.."]
[Result "1-0"]
[WhiteElo "2165"]
[BlackElo "1996"]
[PlyCount "59"]
[EventDate "2024.07.11"]
[EventType "swiss"]
[EventRounds "9"]
[EventCountry "FRA"]
[SourceVersionDate "2024.07.11"]

1. Nf3 Nf6 2. g3 g6 3. b3 Bg7 4. Bb2 d6 5. d4 c5 6. Bg2 Qa5+ 7. Qd2 Qxd2+ 8.
Nbxd2 cxd4 9. Nxd4 O-O 10. c4 Nbd7 11. O-O Nc5 12. Rad1 Bg4 13. Nb1 Rab8 14.
Nc3 Rfc8 15. h3 Bd7 16. g4 a6 17. g5 Nh5 18. Nd5 Re8 19. e3 b5 20. cxb5 axb5
21. b4 Ne6 22. f4 Ng3 23. Rf2 Nxd4 24. Bxd4 e5 25. fxe5 dxe5 26. Ba7 Rbd8 27.
Bb6 Rc8 28. Bc5 Rcd8 29. Ne7+ Kh8 30. Rfd2 1-0

[Event "Vaujany A"]
[Site "Vaujany"]
[Date "2024.07.13"]
[Round "3"]
[White "Hamdouchi, A.."]
[Black "Degraeve, JM.."]
[Result "0-1"]
[WhiteElo "2165"]
[BlackElo "2484"]
[PlyCount "96"]
[EventDate "2024.07.11"]
[EventType "swiss"]
[EventRounds "9"]
[EventCountry "FRA"]
[SourceVersionDate "2024.07.11"]

1. d4 c5 2. e3 Nf6 3. Nf3 e6 4. Be2 Nc6 5. O-O d5 6. b3 Bd6 7. Bb2 O-O 8. dxc5
Bxc5 9. c4 Qe7 10. a3 Rd8 11. b4 Bd6 12. Qc2 Bd7 13. c5 Bc7 14. Nbd2 e5 15. b5
e4 16. bxc6 exf3 17. Bxf3 Bxc6 18. Nb3 Ne4 19. Nd4 Bd7 20. g3 Rac8 21. Rfc1 Bb8
22. Bxe4 dxe4 23. Qb3 Bg4 24. c6 Rc7 25. a4 b6 26. Nb5 Bf3 27. Nxc7 Bxc7 28.
Bd4 Qg5 29. Kf1 h5 30. Ke1 h4 31. Qb5 Rd5 32. Qa6 hxg3 33. hxg3 Bg4 34. Qc4 Be6
35. Qe2 Rd8 36. a5 bxa5 37. Rc5 Rd5 38. Qb5 Rxc5 39. Qxc5 Qg4 40. Qc2 Qf3 41.
Qb2 Bc4 42. Bxg7 Qg2 43. Qd4 Bd3 44. Rc1 a4 45. Qxa7 a3 46. Ba1 Be5 47. Qa8+
Kh7 48. Rc3 Bxc3+ 0-1

[Event "Vaujany A"]
[Site "Vaujany"]
[Date "2024.07.14"]
[Round "4"]
[White "Adrian, L.."]
[Black "Hamdouchi, A.."]
[Result "1/2-1/2"]
[WhiteElo "2177"]
[BlackElo "2165"]
[PlyCount "44"]
[EventDate "2024.07.11"]
[EventType "swiss"]
[EventRounds "9"]
[EventCountry "FRA"]
[SourceVersionDate "2024.07.11"]

1. Nf3 g6 2. c4 Bg7 3. d4 Nf6 4. g3 O-O 5. Bg2 d5 6. cxd5 Nxd5 7. O-O Nb6 8.
Nc3 Nc6 9. Bf4 Nxd4 10. Nxd4 e5 11. Nc6 bxc6 12. Be3 Bd7 13. Rc1 Re8 14. b3 f5
15. Qd2 Qe7 16. Na4 e4 17. Bg5 Qf7 18. f3 Nxa4 19. bxa4 Qd5 20. fxe4 Qxd2 21.
Bxd2 fxe4 22. Be3 a5 1/2-1/2

[Event "Vaujany A"]
[Site "Vaujany"]
[Date "2024.07.15"]
[Round "5"]
[White "Hamdouchi, A.."]
[Black "Alfano, E.."]
[Result "1-0"]
[WhiteElo "2165"]
[BlackElo "1884"]
[PlyCount "95"]
[EventDate "2024.07.11"]
[EventType "swiss"]
[EventRounds "9"]
[EventCountry "FRA"]
[SourceVersionDate "2024.07.11"]

1. Nf3 d5 2. c4 e6 3. g3 Nf6 4. Bg2 Be7 5. O-O O-O 6. b3 c5 7. cxd5 exd5 8. d4
b6 9. Bb2 Bb7 10. e3 Nc6 11. Nc3 Ne4 12. Rc1 Bf6 13. Nxe4 dxe4 14. Nd2 cxd4 15.
Nxe4 Rc8 16. Nxf6+ Qxf6 17. Bxd4 Nxd4 18. Qxd4 Qxd4 19. exd4 Bxg2 20. Kxg2 Rfd8
21. Kf3 Kf8 22. Ke3 Ke7 23. h4 Kd6 24. a4 a6 25. Kd3 Re8 26. h5 Rxc1 27. Rxc1
Kd7 28. g4 Re6 29. f4 g6 30. d5 Rf6 31. Ke4 gxh5 32. g5 Rg6 33. Rh1 h6 34. Rxh5
hxg5 35. fxg5 Kc7 36. Ke5 Kd7 37. Kf5 Rd6 38. Ke4 Rg6 39. b4 Kc7 40. Kf4 Kd7
41. Rh6 Rg8 42. Rxb6 Rh8 43. Rb7+ Kd6 44. Rxf7 Kxd5 45. Kf5 Rh1 46. g6 Kc4 47.
Rb7 Rf1+ 48. Ke6 1-0

[Event "Vaujany A"]
[Site "Vaujany"]
[Date "2024.07.17"]
[Round "7"]
[White "Anwesh, Upadhyaya"]
[Black "Degraeve, Jean Marc"]
[Result "1/2-1/2"]
[WhiteElo "2363"]
[BlackElo "2480"]
[PlyCount "98"]
[EventDate "2024.07.11"]
[EventType "swiss"]
[EventRounds "9"]
[EventCountry "FRA"]
[SourceVersionDate "2024.07.11"]

1. e4 e5 2. Nf3 Nc6 3. Nc3 Nf6 4. d4 exd4 5. Nxd4 Bb4 6. Nxc6 bxc6 7. Bd3 d5 8.
exd5 O-O 9. O-O Bg4 10. Ne2 cxd5 11. c4 dxc4 12. Bxc4 Qxd1 13. Rxd1 Bc5 14. Kf1
Rfe8 15. f3 Be6 16. Bxe6 Rxe6 17. Bf4 Rae8 18. Nc3 Bb6 19. Re1 Rxe1+ 20. Rxe1
Rxe1+ 21. Kxe1 Ba5 22. Ke2 Bxc3 23. bxc3 Nd5 24. Bd2 Kf8 25. Kd3 Ke7 26. Kc4 c6
27. Kc5 Kd7 28. c4 Nc7 29. Kb4 Kc8 30. Be3 Na6+ 31. Kc3 c5 32. a3 Kd7 33. Kd3
Kc6 34. Bf4 Nc7 35. Bxc7 Kxc7 36. Ke4 Kd6 37. Kf5 f6 38. h4 Ke7 39. h5 Kf7 40.
f4 g6+ 41. Ke4 Ke6 42. f5+ gxf5+ 43. Kf4 a6 44. a4 a5 45. h6 Ke7 46. Kxf5 Kf7
47. Ke4 Ke6 48. g4 Kd6 49. Kf5 Ke7 1/2-1/2